Traduci parole sarde in italiano - Statistics

Statistiche generali
  • Questo quiz è stato fatto 227 volte
  • Il punteggio medio è 11 su 30
Statistiche sulle risposte
Domanda Risposta % Corretto
Kitzi Presto
75%
Incresciu Disturbo
69%
Pustis Dopo
65%
Primòsigu Permaloso
55%
Acorrai Radunare
55%
Apretu Emergenza
47%
Buscioni Tappo
47%
Trigadìu Tardi
47%
Asseliai Tranquillizzare
47%
Trastu Utensile
41%
Aproillài Avvicinare
39%
Bruvura Polvere da sparo
39%
Tirìa Ginestra
37%
Atobiu Incontro
37%
Turra Mestolo
37%
Lungiri Spalmare
35%
Arrusciadora Doccia
31%
Perdigai Bruciacchiare
29%
Apetigai Calpestare
27%
Matìri Digerire
25%
Ismatai Disboscare
25%
Incapas Forse
25%
Avesu Abituato
24%
Porfìa Gara
24%
Bisai Sognare
22%
Argiolas Luglio
20%
Silicua/Silimba Carruba
18%
Stadiai Condurre
16%
Arrebussu Intonaco
16%
Stesiu Distanza
14%
Nessun quiz corrispondente trovato
Distribuzione punteggi
Percentuale di utenti per punteggio
Percentile per numero di risposta
I tuoi punteggi nel tempo
Non hai fatto questo quiz